000 00353nam a22001457a 4500
003 OSt
008 250212b |||||||| |||| 00| 0 eng d
020 _a9789348140036
100 _aNISHA
245 _aWoman Safety App
260 _aNew Delhi:
_bNaples Indian Publication:
_c2024.
300 _a55p.
650 _aFaculty Publication
942 _2ddc
_cBK
999 _c13110
_d13110